000 01013nam a22002177a 4500
999 _c8420
_d8420
003 AR-CdUCM
008 190325b ||||| |||| 00| 0 spa d
040 _aMUNICIPALIDAD PROVINCIAL DEL CUSCO
_cBIBLIOTECA MUNICIPAL DEL CUSCO
082 _a350.007 /
_bC29
100 _aCardeña Corimanya, Mario
_923637
245 _aLo Regional: Entre la Modernización del Estado y la Legitimación del Régimen /
260 _aCusco - Perú :
_bEditorial de la Universidad Nacional de San Antonio Abad del Cusco ;
_c1994.
300 _a153 páginas
_c21cm
505 _aContenido: El estado y la problemática social -- Modelos institucionales públicos para la gestión del desarrollo regional -- El estado, la descentralización y los movimientos regionales -- Lo regional en la coyuntura actual...
650 _aDesarrollo
_92021
650 _aGobiernos regionales
_923638
650 _aEstado
_9738
710 _aUniversidad Nacional de San Antonio Abad del Cusco
_915942
942 _2ddc
_cLIBROS
945 _anom